01687nam a22003491i 4500001001000000003000900010005001700019007000300036008004100039010001300080040003000093041000800123082001900131100004300150245010500193264004300298300005500341336002700396337003300423338002800456504003700484590002600521651004500547651004300592910000700635942001400642952013700656952013700793952014400930952024801074999001501322000005965DO-SdBNP20241203073452.0ta790523s1974 dr ah b 000 0 spa  a75573567 aDO-SdBNPbspacBNPHUerda hspa00axxxbB276a2222 aBarrios Roman, Angel de.eautor91680910aAntropologia socioeconomica en el Caribe :bPuerto Rico-Mayaguez, 1840-75 /cAngel de Barrios Roman. aSanto Domingo :bC. Quisqueyana,c1974 a369 páginas :bilustraciones facsimil, ;c21 cm. ardacontentbtexto2txt ardamediabsin mediación2n ardacarrierbvolumen2nc aBibliography: páginas 367-369. aInventariado, 2024/DG 0aPuerto RicoxEconomic Conditions.916810 0aPuerto RicoxSocial Conditions.916811 aDG 2ddccLBS1 00102ddc51708PDaBNPHUbBNPHUcCTd2009-08-24l0oBNPHU PD 309.1 B276p5965-10r2020-06-25w2020-06-25yLBS1ZPréstamo interno 00102ddc51708PDaBNPHUbBNPHUcCTd2011-01-18l0oBNPHU PD 309.1 B276p5965-20r2020-06-25te. 2w2020-06-25yLBS1ZNo se presta 00102ddc56708DSaBNPHUbBNPHUcCTd2011-02-07l0oBNPHU DS 309.1 B276 p5965-40r2020-06-25te. 3w2020-06-25yLBS1ZPréstamo en sala 00102ddc56708DSaBNPHUbBNPHUcCTd2024-12-03eDonado por la Presidencia de la República Dominicana 2023l0oBNPHU DS 309.1 B276ap2024-6871r2024-12-03te.4w2024-12-03yLBS1zPertenecio a la biblioteca personal de Emilio Cordero Michel c5761d5761